000
00301nam a2200109Ia 4500
008
231219s9999 xx 000 0 und d
041
_a
eng
100
_a
Jerome Karter
245
_a
Management Oriented Mgt Information Systems
260
_b
Prentice Hall of India Ltd New Delhi
650
_a
Management
999
_c
975990
_d
975990